Titres de chansons de Calogero - Clic Quiz - Statistiques

Statistiques générales
  • Ce quiz a été pris 268 fois
  • Le résultat moyen est 18 sur 20
Statistiques - réponses
Hint Réponse % Correct
Un jour au mauvais Endroit
99%
Face à la Mer
99%
Je joue de la Musique
99%
En Apesanteur
98%
Les feux D'artifice
98%
Si seulement je pouvais lui Manquer
98%
C'était mieux Après
95%
Voler de Nuit
94%
Le Portrait
93%
Conduire en Angleterre
92%
On se sait par Cœur
91%
Elle me manque Déjà
91%
Prendre Racine
87%
La bourgeoisie des Sensations
87%
Le hall des Départs
85%
Pomme C
83%
Avant Toi
81%
Parie qu'on s'aime Encore
80%
C'est Dit
79%
Aussi libre que Moi
79%
Aucun quiz correspondant
Distribution des résultats
% des personnes avec chaque résultat
Percentile par nombre de réponses
Votre historique - résultats
Vous n’avez pas pris ce quiz